Harry Potter - Statistics

General Stats
  • This quiz has been taken 17 times
  • The average score is 18 of 22
Answer Stats
Hint Answer % Correct
Headmaster Albus Dumbledore
93%
Their little sister Ginny Weasley
93%
Famous Wizard with Scar Harry Potter
93%
Harry's father James Potter
93%
Harry's mother Lily Potter
93%
Werewolf Remus Lupin
93%
His best guy friend Ron Weasley
93%
Escaped from Azkaban Sirius Black
93%
His worst enemy Voldemort
93%
His first crush Cho Chang
87%
Red-head twins Fred and George Weasley
87%
His best girl friend Hermione Granger
87%
Half-Giant Rubeus Hagrid
87%
Always losing his toad Neville Longbottom
80%
Is secretly a rat Peter Pettigrew
80%
Hufflepuff who gets chosen in the Goblet of Fire Cedric Diggory
73%
Evil teacher in pink Dolores Umbridge
73%
Kooky Ravenclaw Luna Lovegood
73%
Animagus is a cat Minerva McGonagall
73%
Teacher who ended up caring about Harry Severus Snape
73%
Teacher who lost his mind Gilderoy Lockhart
67%
Ferret Boy Draco Malfoy
60%
No matching quizzes found
Score Distribution
Percent of People with Each Score
Percentile by Number Answered
Your Score History
You have not taken this quiz